Normal view MARC view

Entry Personal Name

Number of records used in: 1

001 - CONTROL NUMBER

  • control field: 60999

003 - CONTROL NUMBER IDENTIFIER

  • control field: OSt

005 - DATE AND TIME OF LATEST TRANSACTION

  • control field: 20260603160549.0

008 - FIXED-LENGTH DATA ELEMENTS

  • fixed length control field: 260603|| aca||aabn | a|a d

040 ## - CATALOGING SOURCE

  • Original cataloging agency: OSt
  • Transcribing agency: OSt

100 ## - HEADING--PERSONAL NAME

  • Personal name: Kumar, Vikash

670 ## - SOURCE DATA FOUND

  • Source citation: Work cat.: (OSt): Kumar, Vikash , Indian council of historical research (Eds), India: The mother of democracy

Powered by Koha